Microeconomía: versión para Latinoamericana
Gorde:
| Egile Nagusiak: | , |
|---|---|
| Formatua: | Liburua |
| Hizkuntza: | gaztelania |
| Argitaratua: |
Ciudad de México
Pearson Educación
2001
|
| Gaiak: | |
| Etiketak: |
Etiketa erantsi
Etiketarik gabe, Izan zaitez lehena erregistro honi etiketa jartzen!
|
MARC
| LEADER | 00000nam a2200000 a 4500 | ||
|---|---|---|---|
| 001 | UCI5899 | ||
| 003 | CL-VaPUC | ||
| 008 | 080411e20010000MX |||||||||||||||||spa|d | ||
| 020 | |a 9684444427 | ||
| 082 | 0 | 4 | |a 338.5 |b PAR |2 21 |
| 100 | |a Parkin, Michael |e autor |9 528536 | ||
| 700 | 0 | |a Esquivel, Gerardo |e author |9 528537 | |
| 245 | 1 | 0 | |a Microeconomía: versión para Latinoamericana |
| 300 | |a 541 p | ||
| 942 | |c BK | ||
| 945 | |d 20080411 00:00:00 |a jtorresc | ||
| 260 | |a Ciudad de México |b Pearson Educación |c 2001 | ||
| 650 | 0 | |a Microeconomía |9 258126 | |
| 650 | 0 | |a Empresas comerciales |9 334163 | |
| 650 | 0 | |a Producción |9 263680 | |
| 650 | 0 | |a Investigación de mercado |9 332310 | |
| 650 | 0 | |a Toma de decisiones |9 257530 | |
| 650 | 0 | |a Planificación estratégica |9 259735 | |
| 650 | 0 | |a Teorías económicas |9 270968 | |
| 583 | |a last modification |c 20180306 11:23:42 |k Rodrigo Vera | ||
| 999 | |c 329541 |d 329539 | ||